Premier League Managers (2000-2020) Quiz Stats

 Plays Quiz Updated May 24, 2021

Support Sporcle.
Go Orange.
Score 0/256 Timer 15:00
10 Plays Today
Club Manager % Correct
ArsenalArsène Wenger
96.4%
Tottenham HotspurJosé Mourinho
93.9%
Manchester UnitedJosé Mourinho
93.6%
ChelseaJosé Mourinho
93.2%
Manchester UnitedAlex Ferguson
92.5%
ArsenalMikel Arteta
92.3%
ChelseaJose Mourinho
91.8%
Manchester UnitedDavid Moyes
90.7%
SunderlandDavid Moyes
90.3%
West Ham UnitedDavid Moyes
89.9%
EvertonDavid Moyes
89.4%
ChelseaRafael Benítez
87.6%
AFC BournemouthEddie Howe
87.3%
LiverpoolRafael Benítez
87.1%
ChelseaFrank Lampard
87%
Newcastle UnitedRafael Benitez
87%
ArsenalUnai Emery
86.2%
LiverpoolJürgen Klopp
86%
SunderlandSam Allardyce
85.7%
West Ham UnitedSam Allardyce
85.6%
Blackburn RoversSam Allardyce
85.6%
Bolton WanderersSam Allardyce
85.6%
Newcastle UnitedSam Allardyce
85.6%
Swansea CityBrendan Rodgers
85.3%
Leicester CityBrendan Rodgers
85.2%
Manchester CityPep Guardiola
85.1%
LiverpoolBrendan Rodgers
85.1%
Leicester CityClaudio Ranieri
85.1%
PortsmouthHarry Redknapp
85%
PortsmouthHarry Redknapp
85%
SouthamptonHarry Redknapp
85%
West Ham UnitedHarry Redknapp
84.9%
Tottenham HotspurHarry Redknapp
84.9%
Blackburn RoversMark Hughes
84.8%
Manchester CityMark Hughes
84.8%
Queens Park RangersMark Hughes
84.5%
Crystal PalaceSam Allardyce
84.5%
FulhamMark Hughes
84.4%
Queens Park RangersHarry Redknapp
84.1%
Stoke CityMark Hughes
83.8%
Manchester UnitedOle Gunnar Solskjær
83.5%
Manchester UnitedLouis van Gaal
83.4%
Crystal PalaceRoy Hodgson
83.2%
EvertonCarlo Ancelotti
83%
Hull CitySteve Bruce
82.8%
Newcastle UnitedSteve Bruce
82.5%
Birmingham CitySteve Bruce
82.4%
SunderlandSteve Bruce
82.4%
Wigan AthleticSteve Bruce
82.4%
FulhamRoy Hodgson
82.4%
LiverpoolRoy Hodgson
82.1%
West Bromwich AlbionRoy Hodgson
82.1%
West Ham UnitedManuel Pellegrini
80.5%
Newcastle UnitedAlan Pardew
79.6%
SouthamptonMark Hughes
79.4%
ChelseaClaudio Ranieri
79.4%
Manchester CityManuel Pellegrini
79.2%
LiverpoolKenny Dalglish
79.2%
Charlton AthleticAlan Pardew
79.1%
West Ham UnitedAlan Pardew
79.1%
Manchester CityRoberto Mancini
78.9%
Tottenham HotspurMauricio Pochettino
78.6%
Crystal PalaceAlan Pardew
78.5%
ChelseaAntonio Conte
78.3%
Manchester UnitedRyan Giggs
78.2%
ChelseaRoberto Di Matteo
76.8%
EvertonRoberto Martinez
76.8%
ChelseaAndre Villas-Boas
76.6%
Tottenham HotspurAndre Villas-Boas
76.6%
Aston VillaDean Smith
76.2%
Wigan AthleticRoberto Martinez
76%
SouthamptonMauricio Pochettino
75.9%
EvertonSam Allardyce
75.6%
Stoke CityTony Pulis
75.5%
Crystal PalaceTony Pulis
75.5%
West Bromwich AlbionRoberto Di Matteo
75.4%
West Bromwich AlbionTony Pulis
74.7%
West Bromwich AlbionAlan Pardew
73.8%
ChelseaCarlo Ancelotti
73.6%
Aston VillaMartin O'Neill
73.3%
Leicester CityMartin O'Neill
73.3%
ChelseaMaurizio Sarri
73.1%
SunderlandMartin O'Neill
72.6%
BurnleySean Dyche
71.3%
LiverpoolGerard Houllier
71%
EvertonWalter Smith
70.5%
Club Manager % Correct
Derby CountyJim Smith
70.4%
ChelseaAvram Grant
70.1%
Aston VillaGérard Houllier
70%
PortsmouthAvram Grant
69.8%
West Ham UnitedAvram Grant
69.8%
Aston VillaTim Sherwood
68.4%
SouthamptonRonald Koeman
67.8%
EvertonRonald Koeman
67.1%
Cardiff CityOle Gunnar Solskjær
67.1%
ChelseaGuus Hiddink
66.7%
ChelseaGuus Hiddink
66.7%
Brighton & Hove AlbionChris Hughton
66.4%
Newcastle UnitedAlan Shearer
66.1%
Sheffield UnitedNeil Warnock
65.7%
Cardiff CityNeil Warnock
65.4%
Queens Park RangersNeil Warnock
65.4%
EvertonMarco Silva
65.3%
Norwich CityChris Hughton
65.2%
Manchester CityKevin Keegan
65%
Newcastle UnitedKevin Keegan
65%
WatfordMarco Silva
65%
Crystal PalaceNeil Warnock
65%
Blackburn RoversSteve Kean
64.9%
Newcastle UnitedChris Hughton
64.6%
Hull CityMarco Silva
64.6%
Newcastle UnitedBobby Robson
64.4%
West Bromwich AlbionBryan Robson
64.2%
MiddlesbroughBryan Robson
64.2%
Tottenham HotspurMartin Jol
62.5%
Aston VillaPaul Lambert
62.1%
Norwich CityPaul Lambert
62.1%
FulhamMartin Jol
62.1%
Wolverhampton WanderersNuno Espírito Santo
62.1%
SunderlandMick McCarthy
61.9%
West Ham UnitedAlan Curbishley
61.9%
Charlton AthleticAlan Curbishley
61.9%
Wolverhampton WanderersMick McCarthy
61.9%
ChelseaLuiz Felipe Scolari
61.7%
BlackpoolIan Holloway
61.4%
Leicester CityNigel Pearson
61.3%
Aston VillaDavid O'Leary
61.1%
Leeds UnitedDavid O'Leary
61.1%
Crystal PalaceIan Holloway
60.8%
SouthamptonClaude Puel
60.5%
Leicester CityClaude Puel
60%
Tottenham HotspurGeorge Graham
59.6%
WatfordNigel Pearson
59.1%
MiddlesbroughGareth Southgate
57.7%
Birmingham CityAlex McLeish
57%
Hull CityPhil Brown
56.8%
Newcastle UnitedSteve McClaren
56.4%
Blackburn RoversGraeme Souness
56.3%
Newcastle UnitedGraeme Souness
56.3%
SunderlandPaolo Di Canio
56.2%
Tottenham HotspurTim Sherwood
56%
MiddlesbroughSteve McClaren
56%
Aston VillaAlex McLeish
55.9%
Leicester CityCraig Shakespeare
55.8%
Manchester CitySven Goran Eriksson
55.7%
Brighton & Hove AlbionGraham Potter
55.5%
ChelseaGianluca Vialli
55.2%
SunderlandRoy Keane
54.5%
BurnleyOwen Coyle
54.4%
Bolton WanderersOwen Coyle
54.2%
West Ham UnitedSlaven Bilić
54%
Manchester CityStuart Pearce
53.5%
Swansea CityMichael Laudrup
53.3%
Swansea CityGarry Monk
53.2%
SouthamptonGlenn Hoddle
53.1%
Tottenham HotspurGlenn Hoddle
53.1%
West Ham UnitedGianfranco Zola
52.9%
Wigan AthleticPaul Jewell
52.8%
BradfordPaul Jewell
52.8%
Derby CountyPaul Jewell
52.8%
SouthamptonDave Jones
52.7%
Wolverhampton WanderersDave Jones
52.7%
Huddersfield TownDavid Wagner
51.6%
SunderlandGus Poyet
51.5%
Aston VillaGraham Taylor
49.6%
WatfordGraham Taylor
49.6%
Stoke CityPaul Lambert
49.4%
Leicester CityPeter Taylor
49.3%
FulhamChris Coleman
49.1%
SouthamptonNigel Adkins
47.8%
Newcastle UnitedJoe Kinnear
47.5%
Coventry CityGordon Strachan
46.8%
Club Manager % Correct
PortsmouthTony Adams
46.8%
SouthamptonGordon Strachan
46.8%
Leicester CityMicky Adams
46.7%
ReadingNigel Adkins
46.7%
Norwich CityNeil Adams
46.4%
Tottenham HotspurJuande Ramos
45.3%
Sheffield UnitedChris Wilder
45%
Blackburn RoversPaul Ince
44.9%
MiddlesbroughAitor Karanka
44.9%
Leeds UnitedPeter Reid
44.7%
SunderlandPeter Reid
44.7%
Norwich CityDaniel Farke
44%
ReadingSteve Coppell
44%
Cardiff CityMalky Mackay
43.7%
Bolton WanderersSammy Lee
43.1%
Aston VillaJohn Gregory
42.8%
Derby CountyJohn Gregory
42.8%
SouthamptonMauricio Pellegrino
42.4%
Crystal PalaceFrank de Boer
42.3%
Bolton WanderersGary Megson
42.2%
West Bromwich AlbionGary Megson
42.2%
WatfordQuique Flores
41.2%
Charlton AthleticIain Dowie
41%
Crystal PalaceIain Dowie
41%
Aston VillaRémi Garde
40.5%
Hull CityIan Dowie
40.4%
SouthamptonRalph Hasenhüttl
39.8%
West Bromwich AlbionSteve Clarke
39.3%
FulhamJean Tigana
39.3%
Norwich CityAlex Neil
39%
Manchester CityJoe Royle
39%
Manchester CityBrian Kidd
38.8%
Leeds UnitedTerry Venables
38.5%
Swansea CityBob Bradley
38.4%
WatfordQuique Sánchez Flores
38.2%
WatfordJavi Gracia
37.6%
FulhamFelix Magath
37.6%
SunderlandHoward Wilkinson
37.5%
West Ham UnitedGlenn Roeder
37.2%
Newcastle UnitedGlenn Roeder
37.2%
ReadingBrian McDermott
36.8%
FulhamLawrie Sanchez
36.6%
SunderlandDick Advocaat
35.8%
Ipswich TownGeorge Burley
34.6%
Sheffield WednesdayDanny Wilson
33.8%
FulhamSlaviša Jokanović
32.8%
Derby CountyBilly Davies
32.6%
West Bromwich AlbionPepe Mel
32.1%
SunderlandNiall Quinn
31.6%
West Bromwich AlbionDarren Moore
31.6%
Newcastle UnitedJohn Carver
31.5%
Wolverhampton WanderersTerry Connor
31%
Tottenham HotspurJacques Santini
30%
WatfordWalter Mazzarri
28%
Hull CityMike Phelan
27.5%
WatfordAidy Boothroyd
27.4%
FulhamRené Meulensteen
27%
Leicester CityDave Bassett
26.6%
Norwich CityNigel Worthington
26.6%
BurnleyBrian Laws
26.6%
Tottenham HotspurDavid Pleat
26.4%
Swansea CityPaul Clement
26.1%
Charlton AthleticLes Reed
25.7%
West Bromwich AlbionTony Mowbray
25.3%
Swansea CityFrancesco Guidolin
24.5%
WimbledonEgil Olsen
24.3%
SouthamptonStuart Gray
23.5%
SunderlandRicky Sbragia
23.4%
West Bromwich AlbionAlan Irvine
22.9%
Wigan AthleticChris Hutchings
22.9%
BradfordChris Hutchings
22.8%
PortsmouthPaul Hart
22%
Queens Park RangersChris Ramsey
21.4%
Derby CountyColin Todd
21%
PortsmouthAlain Perrin
20.6%
SunderlandKevin Ball
18.3%
SunderlandKevin Ball
18.3%
SouthamptonPaul Sturrock
17%
BradfordJim Jefferies
15.8%
MiddlesbroughSteve Agnew
15.6%
SouthamptonSteve Wigley
14.9%
WimbledonTerry Burton
13.5%
Sheffield WednesdayPeter Shreeves
13.5%
PortsmouthVelimir Zajec
12.2%

From the Vault

50 Flicks to Click (1966)

by caramba

Movies 5m
Special effects weren't quite the same in the '60s.
Remove Ads.
Support Sporcle.
Get the best of Sporcle when you Go Orange. This ad-free experience offers more features, more stats, and more fun while also helping to support Sporcle. Thank you for becoming a member.

Show Comments

Extras

Top Quizzes Today


Score Distribution

Your Account Isn't Verified!

In order to create a playlist on Sporcle, you need to verify the email address you used during registration. Go to your Sporcle Settings to finish the process.

Report this User

Report this user for behavior that violates our Community Guidelines.

Details: